000 00499nam a2200169Ia 4500
008 240729s9999 xx 000 0 und d
022 _a2675-2980
245 0 _aJournal of the Foot & Ankle
260 _aBrazil
260 _bAssociação Brasileira de Medicina e Cirurgia do Tornozelo e Pé - ABTPé
650 _a Orthopedic surgery
650 _a Surgery
650 _aMedicine
856 _uhttps://doaj.org/toc/d1bb418e4605473dadd453cbefe3ef51
942 _2ddc
942 _cDOAJEJ
999 _c70123
_d70123
945 _a1
_bMadushi Gamage
_c1
_dMadushi Gamage